e-Business : how to make money running a business on the internet

Bibliographic Details
Main Author: Durie, Bruce
Format: Book
Published: Kuala Lumpur : Golden Books Centre Sdn.Bhd , 2000
Subjects:

MARC

LEADER 00000cam a2200000 7i4500
001 0000017142
005 20080509.0
008 080509
020 |a 9837204559 
090 0 0 |a 658.8   |b DUR 
100 1 |a Durie, Bruce 
245 1 0 |a e-Business :   |b how to make money running a business on the internet   |c Bruce Durie 
260 |a Kuala Lumpur :   |b Golden Books Centre Sdn.Bhd ,   |c 2000 
650 0 |a Business communication 
650 0 |a Electronic   |x data processing 
999 |a 0000925170   |b Book   |c Adult Collection   |e Cawangan Bukit Gambir 
999 |a 0000925171   |b Book   |c Adult Collection   |e Cawangan Bukit Gambir 
999 |a 0000936110   |b Book   |c Adult Collection   |e Cawangan Tangkak 
999 |a 0000945194   |b Book   |c Adult Collection   |e Cawangan Taman Sri Lambak 
999 |a 0001014880   |b Book   |c Adult Collection   |e Perbadanan Perpustakaan Awam Johor 
999 |a 0001014881   |b Book   |c Adult Collection   |e Perbadanan Perpustakaan Awam Johor